Rezervy v účtovníctve podnikateľov
Charakteristika rezerv v účtovníctve podnikateľov, ich podstata a zásady pre použitie rezerv. Hľadiská pre členenie rezerv a účtovné zobrazenie v účtovníctve podnikateľov.
Uložené v:
| Hlavný autor: | |
|---|---|
| Médium: | Kapitola |
| Jazyk: | Slovak |
| Predmet: | |
| Tagy: |
Žiadne tagy, Buďte prvý, kto otaguje tento záznam!
|
MARC
| LEADER | 00000naa a2200000 4500 | ||
|---|---|---|---|
| 001 | 0220868 | ||
| 005 | 20240502073628.5 | ||
| 041 | 0 | |a slo | |
| 044 | |a SK | ||
| 245 | 1 | 0 | |a Rezervy v účtovníctve podnikateľov |c Miloš Sklenka |
| 520 | |a Charakteristika rezerv v účtovníctve podnikateľov, ich podstata a zásady pre použitie rezerv. Hľadiská pre členenie rezerv a účtovné zobrazenie v účtovníctve podnikateľov. | ||
| 610 | 2 | 0 | |a podnikatelia |
| 610 | 2 | 0 | |a účtovníctvo |
| 610 | 2 | 0 | |a tvorba rezerv |
| 610 | 2 | 0 | |a účtovanie |
| 610 | 2 | 0 | |a rezervy |
| 610 | 2 | 0 | |a jednotka účtovná |
| 100 | 1 | |a Sklenka, Miloš | |